Drury Lane journal : selections from James Winston's diaries, 1819-1827 /

Saved in:
Bibliographic Details
Main Author: Winston, James, 1779-1843
Other Authors: Nelson, Alfred Lewis, Cross, Gilbert B.
Format: Book
Language:English
Published: London (14 Woronzow Rd., N.W.) : Society for Theatre Research, 1974.
Subjects:
LEADER 01419nam a2200385 a 4500
001 c000354839
003 CARM
005 20000606201240.0
008 750724s1974 enkacfh b 001 0aeng
010 |a 75319675 //r90 
015 |a GB75-05083 
019 1 |a 272742  |z 45224398  |5 LACONCORD2021 
020 |a 0854300066 
035 |a (OCoLC)3090038  |5 LACONCORD2021 
040 |a LC  |b eng  |c LC  |d LC 
043 |a e-uk-en 
050 0 0 |a PN2598.W57  |b A33 1974 
082 0 0 |a B 
082 0 0 |a B  |2 21 
082 0 0 |a 792/.092/4 
082 0 0 |a 792/.092/4  |2 21 
082 0 4 |a 792.092  |2 21 
100 1 |a Winston, James,  |d 1779-1843. 
245 1 0 |a Drury Lane journal :  |b selections from James Winston's diaries, 1819-1827 /  |c edited by Alfred L. Nelson and Gilbert B. Cross. 
260 |a London (14 Woronzow Rd., N.W.) :  |b Society for Theatre Research,  |c 1974. 
300 |a xv, 176 p., [4] p. of plates :  |b ill., facsim., port. ;  |c 23 cm. 
500 |a Includes index. 
504 |a Bibliography: p. 161-162. 
600 1 0 |a Winston, James,  |d 1779-1843  |x Diaries. 
650 0 |a Theater  |z England  |x History  |y 19th century  |x Sources. 
700 1 |a Nelson, Alfred Lewis. 
700 1 |a Cross, Gilbert B. 
852 8 |b CARM  |h A1:AM02F0  |i B09168  |p 0422921  |f BK 
999 f f |i e60964b2-d3c7-5bd7-b372-4fbdf2578309  |s 2c54eec8-de3d-50c2-9e83-4477a0bef609 
952 f f |p Can circulate  |a CAVAL  |b CAVAL  |c CAVAL  |d CARM 1 Store  |e B09168  |f A1:AM02F0  |h Other scheme  |i book  |m 0422921